ბათუმის შოთა რუსთაველის სახელმწიფო უნივერსიტეტის ბიბლიოთეკა

სეზონების მიხედვით კოლორიტული ეფექტების შემქმნელი მერქნიანი მცენარეები (ბიბ.ჩანაწერი № 50778)

000 -LEADER
fixed length control field 01249nam a2200241Ia 4500
001 - CONTROL NUMBER
control field 17730
003 - CONTROL NUMBER IDENTIFIER
control field GE_BSU
008 - FIXED-LENGTH DATA ELEMENTS--GENERAL INFORMATION
fixed length control field 181216s||||||||xx |||||||||||||| ||und||
020 ## - INTERNATIONAL STANDARD BOOK NUMBER
International Standard Book Number 9789941459085
040 ## - CATALOGING SOURCE
Transcribing agency GE_BSU
080 ## - UNIVERSAL DECIMAL CLASSIFICATION NUMBER
Universal Decimal Classification number 635.9
100 ## - MAIN ENTRY--PERSONAL NAME
Personal name გუბელაძე, ე.
245 ## - TITLE STATEMENT
Title სეზონების მიხედვით კოლორიტული ეფექტების შემქმნელი მერქნიანი მცენარეები
245 ## - TITLE STATEMENT
Statement of responsibility, etc. რედ.: ე.ბენიძე
260 ## - PUBLICATION, DISTRIBUTION, ETC.
Place of publication, distribution, etc. ქუთაისი
260 ## - PUBLICATION, DISTRIBUTION, ETC.
Name of publisher, distributor, etc. აკაკი წერეთლის სახ. უნ-ტი
260 ## - PUBLICATION, DISTRIBUTION, ETC.
Date of publication, distribution, etc. 2015
300 ## - PHYSICAL DESCRIPTION
Extent 248 გვ. ილ. 21სმ.
300 ## - PHYSICAL DESCRIPTION
Accompanying material ბიბლ.გვ.237-238
653 ## - INDEX TERM--UNCONTROLLED
Uncontrolled term მცენარეების ბიომორფოლოგიური დახასიათება, საბაღო ფორმები, დეკორაციული ნიშან-თვისებები
653 ## - INDEX TERM--UNCONTROLLED
Uncontrolled term სეზონების მიხედვით კოლორიტული ეფექტების შემქმნელი მერქნიანი მცენარეები
942 ## - ADDED ENTRY ELEMENTS (KOHA)
Koha item type წიგნი
ეგზემპლარები
Withdrawn status Lost status Damaged status Not for loan Date acquired Barcode Date last seen Price effective from Koha item type
        2018-12-17 41584 2018-12-17 2018-12-17 წიგნი